Fr. Conceicao Rodrigues College of Engineering

Money (Record no. 30533)

MARC details
000 -LEADER
fixed length control field 00278nam a2200145Ia 4500
082 ## - DEWEY DECIMAL CLASSIFICATION NUMBER
Classification number 332.1
Item number SET
100 ## - MAIN ENTRY--PERSONAL NAME
Personal name Seth/M.L
245 ## - TITLE STATEMENT
Title Money
260 ## - PUBLICATION, DISTRIBUTION, ETC.
Name of publisher, distributor, etc. Lakshmi Narain
Date of publication, distribution, etc. 2002
300 ## - PHYSICAL DESCRIPTION
Extent 675
546 ## - LANGUAGE NOTE
Language note ENGLISH
650 ## - SUBJECT ADDED ENTRY--TOPICAL TERM
Topical term or geographic name entry element Economics
654 ## - SUBJECT ADDED ENTRY--FACETED TOPICAL TERMS
Focus term money
942 ## - ADDED ENTRY ELEMENTS (KOHA)
Koha item type BOOK
Holdings
Withdrawn status Lost status Damaged status Not for loan Collection Home library Current library Date acquired Total Checkouts Full call number Barcode Date last seen Price effective from Koha item type
        CRC Fr. Agnel's C.Rodrigues College of Engineering Fr. Agnel's C.Rodrigues College of Engineering 17/03/2023   332.1 SET 13376 17/03/2023 17/03/2023 BOOK
        CRC Fr. Agnel's C.Rodrigues College of Engineering Fr. Agnel's C.Rodrigues College of Engineering 17/03/2023   332.1 SET 13377 17/03/2023 17/03/2023 BOOK